| 000 | 00498nam a22001577a 4500 | ||
|---|---|---|---|
| 003 | BD-ChCU | ||
| 005 | 20260510085623.0 | ||
| 008 | 260510b bg ||||| |||| 00| 0 ben d | ||
| 040 | _cBD-ChCU | ||
| 082 | _aREF 341.2 TRE | ||
| 245 | _aTreaties in force : a list of treaties & other international agreements of the United States in force on January 1 , 1975./ | ||
| 260 |
_aU.S.A. _bDepartment of State , _cC 1975 |
||
| 300 | _aViii , 446p. | ||
| 650 | 0 |
_aTreaties . _922628 |
|
| 942 |
_2ddc _cBK _n0 |
||
| 999 |
_c112796 _d112796 |
||